000 00514nam a2200181Ia 4500
005 20250508151353.0
008 008 250505s9999 xx 000 0 eng d
037 _aTextual
040 _aFEDL
_beng
_cFEDL
041 _aeng
_2eng
084 _a372.214, MCC
_qFEDL
100 _aMcCrea Lilian
_9758973
245 0 _aStories to tell in the nursery school
260 _aLondon, UK
_bOxford University Press
_c1950
300 _a175p
942 _cTEXL
_h372.214, MCC
999 _c1329328
_d1329328